Biblioteca

Historia, tradición y lengua Kogui (Registro nro. 65845)

Detalles MARC
000 -LÍDER
Campo fijo de descripción fija 01410nam a2200361 i 4500
001 - NÚMERO DE CONTROL
Campo de control 768714001
003 - IDENTIFICADOR DEL NÚMERO DE CONTROL
Campo de control CO-MdFUSB
005 - FECHA Y HORA DE LA ULTIMA TRANSACCIÓN
control field 20210415105958.0
007 - CAMPO FIJO DE DESCRIPCIÓN FIJA--INFORMACIÓN GENERAL
Campo fijo de descripción fija ta
008 - ELEMENTOS DE LONGITUD FIJA -- INFORMACIÓN GENERAL
Campo fijo de descripción fija -- Información general 200507t1993 ck ||||| |||| 00| 0 spa d
020 ## - NÚMERO INTERNACIONAL NORMALIZADO PARA LIBROS
Número Internacional Normalizado del libro 9586480623
040 ## - FUENTE DE CATALOGACIÓN
Agencia de catalogación original CO-MdFUSB
Idioma de catalogación spa
Agencia que realiza la transcripción CO-MdFUSB
Agencia que realiza la modificación CO-MdFUSBC
Convenciones de la descripción rda
041 ## - CÓDIGO DE IDIOMA
Código de idioma para texto/pista de sonido o título separado spa
082 ## - NÚMERO DE CLASIFICACIÓN DECIMAL DEWEY
Número de la edición del Dewey 23
Número de clasificación 498
Clave de autor-Numero de item C822h
100 ## - ASIENTO PRINCIPAL--NOMBRE PERSONAL
Nombre personal Coronado Conchakala, Basilio
Término relacionador autor
245 00 - TÍTULO
Título del Material Historia, tradición y lengua Kogui
Mención de responsabilidad, etc. / Basilio Coronado Conchala ; Transcripción por Teolinda Ibarra ; Dirección por la Gobernación de la Guajira ; Diseño carátula por Patricia Díaz
264 #1 - PRODUCCIÓN, PUBLICACIÓN, DISTRIBUCIÓN, MANUFACTURA, Y COPYRIGHT
Lugar de producción, publicación, distribución, manufactura Santa Marta, Colombia :
Nombre del productor, publicador, distribuidor Ecoe ediciones,
Fecha de producción, publicación, distribución, manufactura, o copyright [1993]
264 #4 - PRODUCCIÓN, PUBLICACIÓN, DISTRIBUCIÓN, MANUFACTURA, Y COPYRIGHT
Fecha de producción, publicación, distribución, manufactura, o copyright ©1993
300 ## - DESCRIPCIÓN FÍSICA
Dimensiones 79 páginas ;
Extensión 21 cm
336 ## - TIPO DE CONTENIDO
Fuente rdacontent
Término de tipo de contenido texto
Código de tipo de contenido txt
337 ## - TIPO DE MEDIO
Fuente rdamedia
Nombre del tipo de medio sin mediación
Código del tipo de medio n
338 ## - TIPO DE SOPORTE
Fuente rdacarrier
Nombre del tipo de soporte volumen
Código Tipo de soporte nc
490 ## - MENCIÓN DE SERIE
Mención de serie Interés general
505 ## - NOTA DE CONTENIDO
Nota de contenido con formato preestablecido Capitulo I El origen - Capitulo II Algunas características culturales - Capitulo III El matrimonio - Capitulo IV La vida socioeconómica Capitulo V Numeración - Capitulo VI Lengua Kaggaba - Capitulo VII Historias y leyendas Kaggaba
563 ## - NOTA DE ENCUADERNACIÓN
Nota de encuadernación Rústico
650 #7 - ASIENTO SECUNDARIO DE MATERIA - TERMINO TEMÁTICO
Fuente del encabezamiento o término sears
9 (RLIN) 3
Término temático o nombre geográfico como elemento de entrada Cultura
650 #0 - ASIENTO SECUNDARIO DE MATERIA - TERMINO TEMÁTICO
9 (RLIN) 397
Término temático o nombre geográfico como elemento de entrada Indígenas
Subdivisión general Lenguaje
Subdivisión geográfica Colombia
653 ## - TÉRMINO DE INDIZACIÓN - NO CONTROLADO
Término no controlado Lenguaje y comunicación -- Kogui
720 ## - ASIENTO SECUNDARIO - NOMBRE NO CONTROLADO
Nombre Gobernación de la Guajira
720 ## - ASIENTO SECUNDARIO - NOMBRE NO CONTROLADO
Nombre Universidad de la Guajira
942 ## - TIPO DE MATERIAL (KOHA)
Tipo de Item KOHA Libros General
945 ## - INFORMACIÓN LOCAL DEL REGISTRO
Catalogador Dani
Existencias
Estado de Material Estado de Perdido Forma de Clasificación Estado de Dañado No para Préstamo Colección Biblioteca de Origen Biblioteca Permanente Fecha de Adquisición Área Total de Préstamos Signatura Topográfica Código de Barras Última vez visto Ejemplar/Existencia Fecha de Remplazo Tipo de Material
    Dewey Decimal Classification     Colección General Biblioteca FUSBC Biblioteca FUSBC 07/05/2020 LENGUAS - LINGUISTICA   G 498 C744h 10771 07/05/2020 Ej.1 07/05/2020 Libros Patrimoniales

Biblioteca FUSBC | Teléfono: (57+4) 349 88 10 Ext. 141| WhatsApp (+57) 3005338115 
E-mail: biblioteca@unisbc.edu.co | Calle 76 87-14 Robledo Palenque, Medellín, Colombia

Con tecnología Koha